000 00315cam a22001217a 4500
008 180718b1977 xxu||||| |||| 00| 0 eng d
082 _aB235 M896
100 _aMukerjee, Hiren
245 _aProletarian internationalism
_cby Hiren Mukerjee
260 _aDelhi
_bNavyug
_c1977
300 _a64p.
650 _aCommunism.
999 _c477120
_d477120